OPAC Home

රැන්ගුන් කමලා හෙවත් මාරක විවාහය (Record no. 69263)

MARC details
000 -LEADER
fixed length control field 00506nam a2200169Ia 4500
008 - FIXED-LENGTH DATA ELEMENTS--GENERAL INFORMATION
fixed length control field 121022t1952 xxu||||| |||| 00| 0 sin d
041 ## - LANGUAGE CODE
Language code of text/sound track or separate title Sinhala; Sinhalese
080 ## - UNIVERSAL DECIMAL CLASSIFICATION NUMBER
Universal Decimal Classification number 8 S - 31
Item number RUP
942 ## - ADDED ENTRY ELEMENTS (KOHA)
Koha item type Books
003 - CONTROL NUMBER IDENTIFIER
control field LK-CoDNM
040 ## - CATALOGING SOURCE
Original cataloging agency LK-CoDNM
Modifying agency LK-CoDNM
Description conventions LK-CoDNM
100 ## - MAIN ENTRY--PERSONAL NAME
Personal name Rupasiri,Anton A.
245 ## - TITLE STATEMENT
Title රැන්ගුන් කමලා හෙවත් මාරක විවාහය
246 ## - VARYING FORM OF TITLE
Title proper/short title Rangun Kamala Hewath Maraka Vivahaya
260 ## - PUBLICATION, DISTRIBUTION, ETC. (IMPRINT)
Name of publisher, distributor, etc. M. D. Gunasena
Place of publication, distribution, etc. Colombo
Date of publication, distribution, etc. 1952
300 ## - PHYSICAL DESCRIPTION
Extent 86p., 18 cm
Holdings
Withdrawn status Lost status Damaged status Not for loan Collection code Permanent Location Current Location Date acquired Full call number Barcode Koha item type
        Novels Library National Museum Colombo - Sri Lanka Library National Museum Colombo - Sri Lanka 2012-10-22 8 S - 31 RUP 45522 Books
Copyright © 2023 Department of National Museum, Colombo 07, Sri Lanka Funded by UNESCO IFAP UNESCO